000 00513nam a2200181Ia 4500
008 240925s9999 xx 000 0 und d
020 _a135806062
082 _a004.165 SHO
100 _aShort ,Kenneth L.
245 0 _aMicroprocessors and Programmed Logic
250 _a1st
260 _aNew Jersey:
_bPrintice- Hall Int.
_c,1987.
300 _axiv,354p.
_bN.A
_fOriginal
500 _aIncludes Index
600 _aComputer Science
650 _aComputer science, information & general works
942 _cBK
999 _c10846
_d10846